A multinacionális vállalatok globális és lokális reklámjainak elméleti háttere

Elmentve itt :
Bibliográfiai részletek
Szerző: Szilágyi Sarolta
További közreműködők: Révész Balázs (Témavezető)
Dokumentumtípus: Szakdolgozat
Megjelent: 2006
Tárgyszavak:
Online Access:http://diploma.bibl.u-szeged.hu/32934
LEADER 00584nta a2200157 i 4500
001 dipl32934
005 20130314093048.0
008 110808s2006 hu om 0|| zxx d
040 |a SZTE Diploma Repozitórium  |b hun 
041 |a zxx 
100 1 |a Szilágyi Sarolta 
245 1 2 |a A multinacionális vállalatok globális és lokális reklámjainak elméleti háttere  |h [elektronikus dokumentum] /  |c Sarolta Szilágyi 
260 |c 2006 
650 4 |a Gazdaságtudományok 
700 1 |a Révész Balázs  |e ths 
856 4 0 |u http://diploma.bibl.u-szeged.hu/id/eprint/32934/1/szakdolgozat.pdf  |z Dokumentum-elérés